000 00523nam a2200193 a 4500
001 3255
003 CDMR
005 20131121130542.0
008 130130s1971||||||||||||||||||||||||||||d
040 _aCDMR
_bcat
_cCDMR
100 1 _aMerchan Díaz, Manuel
_92354
245 1 0 _aPropaganda y pueblo
_cManuel Merchán Diaz
260 _aMadrid
_c1971
_bL'autor
300 _a80 p ;
_c16 cm
650 0 4 _93177
_aPropaganda
650 0 4 _92537
_aOpinió pública
650 0 4 _92305
_aComunicació
_xAspectes polítics
942 _cMON
_2udc
999 _c3255
_d3255